000 00694nam a22002537a 4500
001 BR9508715
003 BR-BrBNA
005 20230928094741.0
007 ta
008 230509b bl.||||| |||| 00| 0 por d
040 _aBR-BrBNA
_bpor
_cBiblioteca Nacional de Agricultura
041 _a(Por)
072 _aK10
090 _ K10 BR9508715
110 1 _aGoverno do Brasil, Brasilia, DF (Brasil)
_95256
245 1 _aPrograma de manejo e gestao dos recursos florestais
260 3 _aBrasilia, DF (Brasil):
_c1992.
300 _a[vp]
650 _aRecurso Florestal
650 _aPolitica Florestal
650 _aReflorestamento
909 _a202309
_bLucia
_c55
_dLucia Elande
942 _cBK
999 _c52434
_d52434